<?xml version="1.0" encoding="UTF-8"?>
<record
    xmlns:xsi="http://www.w3.org/2001/XMLSchema-instance"
    xsi:schemaLocation="http://www.loc.gov/MARC21/slim http://www.loc.gov/standards/marcxml/schema/MARC21slim.xsd"
    xmlns="http://www.loc.gov/MARC21/slim">

  <leader>00962 aa a2200241   4500</leader>
  <datafield tag="999" ind1=" " ind2=" ">
    <subfield code="c">175898</subfield>
    <subfield code="d">175898</subfield>
  </datafield>
  <controlfield tag="005">20201009123609.0</controlfield>
  <controlfield tag="008">201009b           ||||| |||| 00| 0 eng d</controlfield>
  <datafield tag="010" ind1=" " ind2=" ">
    <subfield code="a">B-195033</subfield>
  </datafield>
  <datafield tag="020" ind1=" " ind2=" ">
    <subfield code="c">300.00</subfield>
    <subfield code="a"> </subfield>
  </datafield>
  <datafield tag="035" ind1=" " ind2=" ">
    <subfield code="a">B-195033</subfield>
  </datafield>
  <datafield tag="037" ind1=" " ind2=" ">
    <subfield code="b">pub</subfield>
  </datafield>
  <datafield tag="082" ind1=" " ind2=" ">
    <subfield code="a">615.532</subfield>
  </datafield>
  <datafield tag="100" ind1=" " ind2=" ">
    <subfield code="a">&#x928;&#x948;&#x936;,&#x908;.&#x92C;&#x940;.</subfield>
  </datafield>
  <datafield tag="245" ind1=" " ind2=" ">
    <subfield code="a">&#x921;&#x949;. &#x928;&#x948;&#x936; &#x915;&#x940; &#x939;&#x94B;&#x92E;&#x94D;&#x92F;&#x94B;&#x92A;&#x925;&#x93F;&#x915; &#x92E;&#x947;&#x91F;&#x947;&#x930;&#x93F;&#x92F;&#x93E; - &#x92E;&#x947;&#x921;&#x93F;&#x915;&#x93E; :</subfield>
    <subfield code="b">&#x932;&#x940;&#x921;&#x930;&#x94D;&#x938; &#x907;&#x928; &#x939;&#x94B;&#x92E;&#x94D;&#x92F;&#x94B;&#x92A;&#x925;&#x93F;&#x915; &#x925;&#x947;&#x930;&#x947;&#x92A;&#x92F;&#x941;&#x924;&#x93F;&#x915;&#x938;/</subfield>
    <subfield code="c">&#x908;.&#x92C;&#x940;.&#x928;&#x948;&#x936;</subfield>
  </datafield>
  <datafield tag="246" ind1=" " ind2=" ">
    <subfield code="a"> leaders in homoepathic therapeutics</subfield>
    <subfield code="b"> </subfield>
  </datafield>
  <datafield tag="250" ind1=" " ind2=" ">
    <subfield code="a"> </subfield>
  </datafield>
  <datafield tag="260" ind1=" " ind2=" ">
    <subfield code="a">&#x92E;&#x925;&#x941;&#x930;&#x93E;</subfield>
    <subfield code="b">&#x92D;&#x93E;&#x937;&#x93E; &#x92D;&#x935;&#x928;</subfield>
    <subfield code="c">2001</subfield>
  </datafield>
  <datafield tag="270" ind1=" " ind2=" ">
    <subfield code="a"> &#x92D;&#x93E;&#x937;&#x93E; &#x92D;&#x935;&#x928;,&#x939;&#x932;&#x93E;&#x928;&#x917;&#x902;&#x91C; </subfield>
    <subfield code="b"> &#x92E;&#x925;&#x941;&#x930;&#x93E;</subfield>
    <subfield code="e"> 281001</subfield>
  </datafield>
  <datafield tag="300" ind1=" " ind2=" ">
    <subfield code="a">272&#x92A;&#x943;.</subfield>
    <subfield code="c">22 &#x938;&#x947;&#x92E;&#x940; (&#x938;&#x91C;&#x93F;&#x932;&#x94D;&#x926;)</subfield>
  </datafield>
  <datafield tag="490" ind1=" " ind2=" ">
    <subfield code="a"> </subfield>
  </datafield>
  <datafield tag="700" ind1=" " ind2=" ">
    <subfield code="a">&#x928;&#x948;&#x936;,&#x908;.&#x92C;&#x940;.</subfield>
    <subfield code="9">48865</subfield>
  </datafield>
  <datafield tag="942" ind1=" " ind2=" ">
    <subfield code="a">dpl</subfield>
    <subfield code="c">HN</subfield>
    <subfield code="k"> </subfield>
    <subfield code="2">ddc</subfield>
    <subfield code="h">615.532</subfield>
    <subfield code="m">&#x928;&#x948;&#x936;&#x908;</subfield>
  </datafield>
  <datafield tag="952" ind1=" " ind2=" ">
    <subfield code="0">0</subfield>
    <subfield code="1">0</subfield>
    <subfield code="2">ddc</subfield>
    <subfield code="4">0</subfield>
    <subfield code="7">0</subfield>
    <subfield code="8">NFIC</subfield>
    <subfield code="a">ZLS</subfield>
    <subfield code="b">ZLS</subfield>
    <subfield code="d">2020-10-09</subfield>
    <subfield code="g">300.00</subfield>
    <subfield code="l">1</subfield>
    <subfield code="m">2</subfield>
    <subfield code="o">615.532 &#x928;&#x948;&#x936;&#x908;</subfield>
    <subfield code="p">B-195033</subfield>
    <subfield code="r">2020-12-22 00:00:00</subfield>
    <subfield code="s">2020-11-10</subfield>
    <subfield code="v">300.00</subfield>
    <subfield code="w">2020-10-09</subfield>
    <subfield code="y">HN</subfield>
  </datafield>
</record>
